000 00590nam a2200205 i 4500
001 90457
003 ES-MaACL
005 20230906180439.0
007 t|
008 050120s1985 fr ||||1| fre d
020 _a2-07-070386-X
100 1 _aLe Goff, Jacques.
_970884
245 1 2 _aL'imaginaire médiéval
_b: essais /
_cJacques Le Goff.
260 _a[Paris] :
_bGallimard,
_c[1985]
300 _aXXI, 352 p. ;
_c23 cm.
490 1 _aBibliothèque des histoires
830 0 _aBibliothèque des histoires
_9181561
852 _aES-MaACL
_jC-46
_bR.114204
999 _c90457
_d90457